Catálogo
 En Linea

Cómo hablar correctamente en público : (Registro nro. 37674)

Detalles MARC
000 -CABECERA
campo de control de longitud fija 00518nam a2200157 a 4500
001 - NÚMERO DE CONTROL
campo de control 000038184
005 - FECHA Y HORA DE LA ÚLTIMA TRANSACCIÓN
campo de control 20201002031205.0
008 - DATOS DE LONGITUD FIJA--INFORMACIÓN GENERAL
campo de control de longitud fija 130320s1997 sp 000 0 spa d
040 ## - FUENTE DE LA CATALOGACIÓN
Centro catalogador/agencia de origen DO-SdBNP
Lengua de catalogación spa
Centro/agencia transcriptor BNPHU
100 1# - ENTRADA PRINCIPAL--NOMBRE DE PERSONA
Nombre de persona Fernández de la Torriente, Gastón
9 (RLIN) 64556
245 10 - MENCIÓN DE TÍTULO
Título Cómo hablar correctamente en público :
Resto del título comunicación oral /
Mención de responsabilidad, etc. Gastón Fernández de la Torriente.
260 ## - PUBLICACIÓN, DISTRIBUCIÓN, ETC.
Lugar de publicación, distribución, etc. Madrid :
Nombre del editor, distribuidor, etc. Norma,
Fecha de publicación, distribución, etc. 1997.
300 ## - DESCRIPCIÓN FÍSICA
Extensión 174 p. ;
Dimensiones 24 cm.
500 ## - NOTA GENERAL
Nota general Edición actualizada
500 ## - NOTA GENERAL
Nota general Texto a dos columnas
Existencias
Estado de retiro Estado de pérdida Restricciones de uso No para préstamo Código de colección Localización permanente Ubicación/localización actual Ubicación en estantería Fecha de adquisición Número de inventario Total de préstamos Signatura topográfica completa Código de barras Fecha visto por última vez Precio válido a partir de Tipo de ítem Koha
        Monografías: Libros y Folletos General General Orden iniciada 20.03.2013 LF1   38184-10 25.06.2020 25.06.2020 No se presta

Con tecnología Koha